[Event "Mecklenburg VP Cup"]
[Site "Greifswald"]
[Date "2016.06.12"]
[Round "5.4"]
[White "Raitza, Egon"]
[Black "Celmer, Ole"]
[Result "1/2-1/2"]
[WhiteElo "1829"]
[BlackElo "1938"]
[PlyCount "105"]
[EventDate "2016.06.10"]
[EventType "swiss"]
[EventRounds "5"]
[EventCountry "GER"]
[SourceTitle "EXT 2024"]
[Source "ChessBase"]
[SourceDate "2023.10.10"]
[SourceVersion "1"]
[SourceVersionDate "2023.10.10"]
[SourceQuality "1"]

1. d4 Nf6 2. c4 e6 3. Nc3 b6 4. e4 d5 5. cxd5 exd5 6. e5 Ne4 7. Bd3 Nxc3 8. bxc3 c5 9. Bd2 Nc6 10. Ne2 Be7 11. 0-0 Bg5 12. f4 Bh6 13. Be3 c4 14. Bc2 g6 15. Ng3 Ne7 16. Qf3 Qc7 17. Rfe1 Bd7 18. f5 Bxe3+ 19. Rxe3 0-0-0 20. e6 fxe6 21. fxe6 Bc6 22. Qe2 Qd6 23. Rf3 Rde8 24. Rf7 Kb8 25. Re1 Ref8 26. Qe5 Qxe5 27. Rxe5 Rxf7 28. exf7 Nc8 29. Ne2 Rf8 30. Nf4 Rxf7 31. Nxd5 Bxd5 32. Rxd5 Kc7 33. Re5 Nd6 34. Bd1 a6 35. a4 Nf5 36. Bf3 Ne7 37. Be2 Nc6 38. Re6 Nd8 39. Re4 b5 40. axb5 axb5 41. Re5 Kb6 42. Bf3 Ra7 43. Re8 Rd7 44. Re5 b4 45. cxb4 Rxd4 46. Rc5 Nf7 47. Kf1 Nd6 48. Ke1 Rd3 49. Bd1 c3 50. Bc2 Re3+ 51. Kf2 Re4 52. Rxc3 Rxb4 53. Kf3 1/2-1/2

[Event "GER-chT Lands U20"]
[Site "Hannover"]
[Date "2013.10.02"]
[Round "1.2"]
[White "Krause, Benedict"]
[Black "Celmer, Ole"]
[Result "1-0"]
[WhiteElo "2169"]
[BlackElo "1890"]
[PlyCount "77"]
[EventDate "2013.10.02"]
[EventType "team-swiss"]
[EventRounds "7"]
[EventCountry "GER"]
[SourceTitle "EXT 2014"]
[Source "ChessBase"]
[SourceDate "2013.11.20"]
[SourceVersion "1"]
[SourceVersionDate "2013.11.20"]
[SourceQuality "1"]
[WhiteTeam "Schleswig Holstein"]
[BlackTeam "Team Nord"]
[WhiteTeamCountry "GER"]
[BlackTeamCountry "GER"]

1. e4 e5 2. Nf3 Nc6 3. d4 exd4 4. Nxd4 Nf6 5. Nxc6 bxc6 6. e5 Qe7 7. Qe2 Nd5 8. c4 Ba6 9. Nd2 g6 10. Nf3 Bg7 11. Bg5 f6 12. exf6 Qxe2+ 13. Bxe2 Nxf6 14. Bd3 0-0 15. 0-0-0 Ng4 16. Rhf1 Bb7 17. h3 Ne5 18. Nxe5 Bxe5 19. f4 Bf6 20. Bxf6 Rxf6 21. f5 Raf8 22. g4 gxf5 23. Rxf5 h6 24. h4 d5 25. Rxf6 Rxf6 26. g5 hxg5 27. hxg5 Rf3 28. Kc2 Bc8 29. Re1 Bf5 30. Bxf5 Rxf5 31. Re7 Rxg5 32. Rxc7 dxc4 33. Rxa7 Kf8 34. Rd7 Ke8 35. Rd4 c5 36. Rd2 Rg4 37. Rd5 Ke7 38. Kc3 Rg2 39. Rxc5 1-0

[Event "GER-ch U25 op-A"]
[Site "Oberhof"]
[Date "2013.05.24"]
[Round "8"]
[White "Celmer, Ole"]
[Black "Kardoeus, David"]
[Result "1-0"]
[WhiteElo "1882"]
[BlackElo "1894"]
[PlyCount "47"]
[EventDate "2013.05.19"]
[EventType "swiss"]
[EventRounds "9"]
[EventCountry "GER"]
[SourceTitle "CBM 154 Extra"]
[Source "ChessBase"]
[SourceDate "2013.06.25"]
[SourceVersion "2"]
[SourceVersionDate "2013.06.25"]
[SourceQuality "1"]

1. e4 e5 2. Nf3 Nf6 3. Nxe5 d6 4. Nf3 Nxe4 5. Nc3 Nxc3 6. dxc3 Be7 7. Be3 Nc6 8. Qd2 Bg4 9. Be2 Qd7 10. h3 Bh5 11. 0-0-0 0-0-0 12. Kb1 Rhe8 13. Qd5 f5 14. g4 fxg4 15. Qxh5 gxf3 16. Bxf3 Ne5 17. Be4 g6 18. Qe2 Kb8 19. Rd5 Nc6 20. Rb5 a6 21. Rb3 Ka8 22. Bd3 Nb8 23. c4 Bg5 24. Qf3 1-0